| 000 | 00347nam a22001457a 4500 | ||
|---|---|---|---|
| 003 | MACL | ||
| 005 | 20180224120238.0 | ||
| 008 | 180224b xxu||||| |||| 00| 0 eng d | ||
| 040 | _cmacl | ||
| 100 |
_aSingh, Jaspal _91746 |
||
| 245 | _aGuru Nanak Dev | ||
| 260 |
_aDelhi _bFutute Books _c2016 |
||
| 650 |
_aChildren Book _970628 |
||
| 942 |
_2ddc _cBK |
||
| 999 |
_c57295 _d57295 |
||